| 000 | 01707aam a2200289 i 4500 | ||
|---|---|---|---|
| 001 | 991028539987404336 | ||
| 005 | 20251013163916.0 | ||
| 008 | 191202t20192018enk b 001 0 eng d | ||
| 015 |
_aGBB9D5292 _2bnb |
||
| 016 | 7 |
_a019496103 _2Uk |
|
| 020 | _a9781783782307 | ||
| 035 |
_a(OCoLC)1134534874 _z(OCoLC)1078434809 _z(OCoLC)1159823261 |
||
| 035 | _a(OCoLC)on1134534874 | ||
| 040 |
_aTOH _beng _erda _cTOH _dOCLCQ _dYDX _dBDX _dUKMGB _dOCLCF _dGEQ _dWZW _dL2U _dGZM _dVP@ _dNYP _dU@M _dOCLCO _dCDX |
||
| 041 | _aeng | ||
| 050 | 4 |
_aB72 _b.B324 2019 |
|
| 100 |
_aBaggini, Julian _eauthor _926142 |
||
| 245 | 1 | 0 |
_aHow the world thinks _b: a global history of philosophy _c/ Julian Baggini. |
| 260 |
_aLondon : _bGranta Books, _c2019. |
||
| 300 |
_a432 pages ; _c20 cm |
||
| 504 | _aIncludes bibliographical references (pages 377-379) and index. | ||
| 520 | 8 | _aIn the first global overview of philosophy, Julian Baggini travels the world to provide a wide-ranging map of human thought. One of the great unexplained wonders of human history is that written philosophy flowered entirely separately in China, India and Ancient Greece at more or less the same time. These early philosophies have had a profound impact on the development of distinctive cultures in different parts of the world. What we call 'philosophy' in the West is not even half the story. Julian Baggini sets out to expand our horizons, exploring the philosophies of Japan, India, China and the Muslim world, as well as the lesser-known oral traditions of Africa and Australia's first peoples. | |
| 650 | 0 |
_aPhilosophy _xHistory _911704 |
|
| 650 | 0 |
_aPhilosophy, Comparative _926143 |
|
| 650 | 0 |
_aPhilosophy _0(OCoLC)fst01060777 _92992 |
|
| 942 | _2lcc | ||
| 999 |
_c5041 _d5041 |
||